|
|
|
|
| LEADER |
00000nam0a2200000 4500 |
| 001 |
376968 |
| 005 |
20231102012851.0 |
| 010 |
|
|
|a 9785041160173
|
| 035 |
|
|
|a (RuTPU)RU\TPU\retro\34412
|
| 090 |
|
|
|a 376968
|
| 100 |
|
|
|a 20230201d2020 m y0rusy50 ca
|
| 101 |
1 |
|
|a rus
|c eng
|
| 102 |
|
|
|a RU
|
| 105 |
|
|
|a y z 000ay
|
| 200 |
1 |
|
|a Багет в багровых тонах
|e роман
|e пер. с англ.
|f С. Фокс
|g пер. Н. И. Ударова
|
| 210 |
|
|
|a Москва
|c Эксмо
|d 2020
|
| 215 |
|
|
|a 287 с.
|c ил.
|
| 225 |
1 |
|
|a Cozy kitchen: кулинарный детектив
|
| 330 |
|
|
|a В прибрежном городке Вайлдвуд Коув туристический сезон в самом разгаре, а Марли МакКини наконец-то счастлива: закусочная "Флип Сайд", новая кошка, новый бойфренд. Единственная помеха — женщина по имени Ида Уинклер, которая винит Марли в том, что ее племянник оказался в тюрьме. В попытках вывести Марли из себя она досаждает ей звонками и даже пытается изуродовать закусочную. Полиция ничего не может поделать — это всего лишь невинные розыгрыши! — и Марли хочет раз и навсегда зарыть топор войны. Но кто-то ее опередил, и, обнаружив бесчувственное тело Иды, Марли становится главной подозреваемой в убийстве. Вернуть себе доброе имя будет непросто, но Марли не позволит Иде в очередной раз насолить ей — даже с того света!
|
| 606 |
1 |
|
|a Американская литература (англо-язычная литература)
|2 stltpush
|3 (RuTPU)RU\TPU\subj\28887
|9 52349
|
| 610 |
1 |
|
|a художественная литература
|
| 610 |
1 |
|
|a детективы
|
| 610 |
1 |
|
|a романы
|
| 675 |
|
|
|a 82
|v 4
|
| 700 |
|
1 |
|a Фокс
|b С.
|g Сара
|
| 702 |
|
1 |
|a Ударова
|b Н. И.
|4 730
|
| 801 |
|
1 |
|a RU
|b 63413507
|c 20230201
|
| 801 |
|
2 |
|a RU
|b 63413507
|c 20230310
|g RCR
|
| 942 |
|
|
|c BK
|